000 00466nam a2200169Ia 4500
999 _c552
_d552
003 OSt
005 20210818111743.0
008 190216s9999||||xx |||||||||||||| ||und||
040 _coclc
082 _a492.7
_bAZM/A
100 _aAzmi, Moinuddin
_94580
245 0 _aArabic Morphology /
_cMoinuddin Azmi
260 _bAl Huda Book Stall,
_c1988.
_aCalicut:
300 _a340p
650 _aArabic
942 _cBK
_2ddc
_h492.7
_iAZM/A
_k492.7
_mAZM/A